006220000a22001690004500003001100000005001700011008004100028040003900069041000800108082001700116245005100133260005500184300002100239490003400260520012500294650003300419LK-CoMWRAF20240527144617.0230817t ||||| |||| 00| 0 eng d aLK-CoMWRAFdLK-CoMWRAFeLK-CoMWRAF aeng a320.954bLET aLet us tread the path of non-violence to peace aColombo:bGovernment information department,c1983 a[unnumbered pg.] aMinistry of State publication aSpeeches made by H.E. the president of Sri Lanka at the commonwealth summit conference New Delhi 1983 [J.R. Jayawardene] aPOLITICAL SPEECHES-Sri Lanka